| 000 | 00448nam a2200181Ia 4500 | ||
|---|---|---|---|
| 008 | 240925s9999 xx 000 0 und d | ||
| 020 | _a9780747571643 | ||
| 082 | _a823 SHA | ||
| 100 | _aShamsie, Kamila | ||
| 245 | 0 | _aIn the City By the Sea | |
| 250 | _aNA | ||
| 260 |
_aLondon: _bBlooms Bury _c,1998. |
||
| 300 |
_axxi,682p. _bN.A _fOriginal |
||
| 500 | _aNA | ||
| 600 | _aHumanities & Natural Science | ||
| 650 | _aLiterature | ||
| 942 | _cBK | ||
| 999 |
_c10935 _d10935 |
||